Una Foto REMIX - Mesita, Nicki Nicole, Emilia, Tiago PZK - Estadísticas

Estadísticas generales
  • Esta prueba ha sido intentada 41 veces
  • La puntuación promedio es 450 de 743
Estadísticas de respuestas
Letra % Correcto
a
100%
De
100%
de
100%
100%
e
100%
la
100%
La
100%
que
100%
Que
100%
Qué
100%
se
100%
100%
Tíra
100%
un
100%
Un
100%
una
100%
Una
100%
en
92%
En
92%
foto
92%
hacemo
92%
lo
92%
ve
92%
vea
92%
Vea
92%
cosa
83%
Es
83%
es
83%
fea
83%
hacemos
83%
Me
83%
me
83%
mi
83%
83%
mientra
83%
nave
83%
pa
83%
Pa
83%
te
83%
Te
83%
Tírame
83%
to
83%
y
83%
Y
83%
con
75%
Mami
75%
mami
75%
no
75%
No
75%
Si
75%
si
75%
bandi
67%
bellaquea
67%
Ben
67%
dice
67%
le
67%
tu
67%
67%
va
67%
crea
58%
dicen
58%
do
58%
el
58%
ese
58%
las
58%
los
58%
Papi
58%
soy
58%
Soy
58%
toto
58%
ya
58%
Ya
58%
yo
58%
bandida
50%
Bandida
50%
Conmigo
50%
Contigo
50%
escapar
50%
gusta
50%
intimida
50%
NICKI
50%
quiere
50%
realidad
50%
Tra
50%
vas
50%
4K
42%
bandido
42%
calida
42%
cama
42%
control
42%
cosas
42%
Cuando
42%
cuando
42%
die
42%
esa
42%
está
42%
hacerlo
42%
les
42%
llevar
42%
más
42%
par
42%
pasaste
42%
Pero
42%
quiero
42%
Sabe
42%
sabe
42%
todo
42%
tus
42%
Vamo
42%
vamo
42%
ven
42%
voy
42%
Voy
42%
acá
33%
amiga
33%
arriba
33%
Arriba
33%
atrevida
33%
bajo
33%
casa
33%
come
33%
cuatro
33%
culo
33%
Decile
33%
días
33%
ella
33%
Ella
33%
feas
33%
hasta
33%
Mercedes
33%
miré
33%
mojá
33%
nos
33%
Nos
33%
OnlyFan
33%
original
33%
oscuro
33%
otra
33%
piloto
33%
por
33%
posición
33%
puse
33%
recordar
33%
sei
33%
shh
33%
su
33%
subimo
33%
tre
33%
uno
33%
venís
33%
verla
33%
vos
33%
activa
25%
al
25%
asusta
25%
atrá
25%
Bonnie
25%
castigar
25%
castigarte
25%
chiquitito
25%
cien
25%
Cien
25%
Como
25%
conducta
25%
dejé
25%
dejo
25%
dentro
25%
dio
25%
donde
25%
easy
25%
Emilia
25%
enteren
25%
estamo
25%
Este
25%
estoy
25%
fuera
25%
fuimos
25%
gata
25%
guardo
25%
habitación
25%
incentiva
25%
lado
25%
ley
25%
Llegamos
25%
mala
25%
mamá
25%
miró
25%
nude
25%
otro
25%
Para
25%
puesta
25%
quién
25%
remix
25%
ropa
25%
saqué
25%
sátira
25%
sin
25%
ten
25%
Ten
25%
viaje
25%
Ah
17%
ama
17%
and
17%
Baby
17%
blunt
17%
cae
17%
cantidad
17%
contra
17%
difícil
17%
eh
17%
escucho
17%
estabas
17%
Ey
17%
ey
17%
gana
17%
gritar
17%
haciendo
17%
Haciendo
17%
junto
17%
maquinón
17%
master
17%
mecha
17%
Mesa
17%
mitad
17%
Moviendo
17%
novia
17%
pare
17%
Partiéndola
17%
party
17%
plan
17%
porque
17%
porro
17%
prendiendo
17%
quiso
17%
salimo
17%
tamo
17%
tás
17%
tenemo
17%
tengo
17%
terminemo
17%
top
17%
tuve
17%
ventana
17%
video
17%
aguanto
8%
alta
8%
cañón
8%
chapa
8%
cincuenta
8%
Clyde
8%
Enrolamo
8%
Eso
8%
estás
8%
fama
8%
flow
8%
freaky
8%
gama
8%
gastar
8%
Grey
8%
Humo
8%
killin
8%
llamo
8%
matadora
8%
mili
8%
nube
8%
Ojito
8%
pálida
8%
panty
8%
Phillie
8%
piloteando
8%
Prende
8%
prenderno
8%
RedTube
8%
revé
8%
selfie
8%
sube
8%
toda
8%
Traen
8%
TV
8%
V6
8%
China
0%
Molina
0%
Okey
0%
puso
0%
Rodri
0%
No se encontraron pruebas coincidentes
Distribución de puntuación
Porcentaje de gente con cada puntuación
Porcentaje por número respondido
Historial de tus puntuaciones
No has intentado esta prueba.